<?xml version="1.0" encoding="UTF-8"?>
<record
    xmlns:xsi="http://www.w3.org/2001/XMLSchema-instance"
    xsi:schemaLocation="http://www.loc.gov/MARC21/slim http://www.loc.gov/standards/marcxml/schema/MARC21slim.xsd"
    xmlns="http://www.loc.gov/MARC21/slim">

  <leader>04016nam a22002657a 4500</leader>
  <controlfield tag="003">DO-SdBJH</controlfield>
  <controlfield tag="005">20260310192438.0</controlfield>
  <controlfield tag="008">260310b2025    |||d|||| |||| 00| 0 spa d</controlfield>
  <datafield tag="040" ind1=" " ind2=" ">
    <subfield code="a">DO-SdBJH</subfield>
    <subfield code="b">spa</subfield>
    <subfield code="c">DO-SdBJH</subfield>
  </datafield>
  <datafield tag="041" ind1="0" ind2=" ">
    <subfield code="a">spa</subfield>
  </datafield>
  <datafield tag="090" ind1=" " ind2=" ">
    <subfield code="a">CT MA-SDN 0016</subfield>
    <subfield code="b">EGAEE 2025</subfield>
  </datafield>
  <datafield tag="100" ind1="1" ind2=" ">
    <subfield code="a">Santos Aquino, Martirez de los</subfield>
    <subfield code="e">sustentante</subfield>
  </datafield>
  <datafield tag="245" ind1="1" ind2="0">
    <subfield code="a">An&#xE1;lisis de las estrategias de programas de fomento a la cultura de defensa en Rep&#xFA;blica Dominicana 2020-2023 /</subfield>
    <subfield code="c">Martirez de los Santos Aquino ; asesor de contenido Santo D. Guerrero Clase ; asesor metodol&#xF3;gico Santiago Edmundo Morales G&#xF3;mez.</subfield>
  </datafield>
  <datafield tag="260" ind1=" " ind2=" ">
    <subfield code="a">Santo Domingo, Rep&#xFA;blica Dominicana :</subfield>
    <subfield code="b">UNADE,</subfield>
    <subfield code="c">2025.</subfield>
  </datafield>
  <datafield tag="300" ind1=" " ind2=" ">
    <subfield code="a">xxvi, 97 p&#xE1;ginas :</subfield>
    <subfield code="b">gr&#xE1;ficas.</subfield>
  </datafield>
  <datafield tag="502" ind1=" " ind2=" ">
    <subfield code="a">Tesis y trabajos de grado (Maestr&#xED;a en Seguridad y Defensa Nacional)--Universidad Nacional para la Defensa "General Juan Pablo Duarte y D&#xED;ez", Escuela de Graduados de Altos Estudios Estrat&#xE9;gicos, Santo Domingo, 2025.</subfield>
  </datafield>
  <datafield tag="504" ind1=" " ind2=" ">
    <subfield code="a">Incluye referencias bibliogr&#xE1;ficas y anexos.
</subfield>
  </datafield>
  <datafield tag="505" ind1=" " ind2=" ">
    <subfield code="a">Las relaciones civiles, militar y su importancia en el desarrollo de la cultura de defensa en la Rep&#xFA;blica Dominicana -- Aportes de las instituciones educativas y medios de comunicaci&#xF3;n, al fomento de la cultura de la defensa, 2020-2023 -- Analizar las pol&#xED;ticas y estrategias que fortalecen la cultura de defensa en los ciudadanos dominicanos.</subfield>
  </datafield>
  <datafield tag="520" ind1=" " ind2=" ">
    <subfield code="a">La presente investigaci&#xF3;n, titulada: "An&#xE1;lisis de las estrategias de programas de fomento a la cultura de defensa en Rep&#xFA;blica Dominicana 2020-2023", tuvo el inter&#xE9;s analizar de forma cr&#xED;tica y coherente las pol&#xED;ticas dise&#xF1;adas por el Estado Dominicano en lo que se refiere a los programas e iniciativas para impulsar y fortalecer la cultura de defensa, que se entiende como el compromiso de la sociedad civil como la elite militar, ambas contribuyen a la seguridad, la soberan&#xED;a, la identidad nacional. Se plante&#xF3; que la defensa nacional no es solo asunto de las Fuerzas Armadas, sino tambi&#xE9;n de toda la ciudadan&#xED;a y de los sectores que interact&#xFA;an con ella. 

Metodol&#xF3;gicamente, se emple&#xF3; un enfoque cualitativo, con un dise&#xF1;o no experimental y de corte transversal, apoyado en la revisi&#xF3;n documental de fuentes primarias y secundarias, entrevistas a expertos en seguridad y defensa, as&#xED; como el an&#xE1;lisis hist&#xF3;rico y comparativo de pol&#xED;ticas de defensa tomada como referencias implementadas en otros pa&#xED;ses. Este enfoque permit&#xED;os comprender como has evolucionado de la cultura de defensa y sus v&#xED;nculos con la gobernabilidad y la democr&#xE1;tica.

Entre los principales hallazgos, se evidencia que la Rep&#xFA;blica Dominicana ha avanzado en el fortalecimiento de las relaciones civiles y militares, consolidando el car&#xE1;cter apol&#xED;tico de las Fuerzas Armadas y reconociendo el papel de la educaci&#xF3;n y los medios de comunicaci&#xF3;n en la formaci&#xF3;n de una ciudadan&#xED;a consciente de su realidad y mejor informada en los asuntos de la defensa. No obstante, persisten desaf&#xED;os como la necesidad de mayor participaci&#xF3;n social, coordinaci&#xF3;n interinstitucional y modernizaci&#xF3;n de las pol&#xED;ticas frente a amenazas contempor&#xE1;neas como la migraci&#xF3;n irregular y el crimen organizado.

La investigaci&#xF3;n concluy&#xF3; que las estrategias del per&#xED;odo 2020-2023 constituyen un avance significativo, pero requieren continuidad de las pol&#xED;ticas y estrategia, evaluaci&#xF3;n constante de los medios y m&#xE9;todos de las pol&#xED;ticas de defensa y mayor inversi&#xF3;n en tecnolog&#xED;a, educaci&#xF3;n media y superior, para garantizar una cultura de defensa sostenible y alineada con los intereses, objetivos nacionales y los principios democr&#xE1;ticos.</subfield>
  </datafield>
  <datafield tag="650" ind1=" " ind2="7">
    <subfield code="2">lemb</subfield>
    <subfield code="a">Defensa nacional</subfield>
    <subfield code="v">Investigaciones</subfield>
    <subfield code="x">Relaciones civiles y militares</subfield>
    <subfield code="y">2020-2023</subfield>
    <subfield code="z">Rep&#xFA;blica Dominicana</subfield>
  </datafield>
  <datafield tag="650" ind1=" " ind2="7">
    <subfield code="2">lemb</subfield>
    <subfield code="a">Cultura de Defensa</subfield>
    <subfield code="v">Investigaciones</subfield>
    <subfield code="x">Seguridad nacional</subfield>
    <subfield code="y">2020-2023</subfield>
    <subfield code="z">Rep&#xFA;blica Dominicana</subfield>
  </datafield>
  <datafield tag="700" ind1="1" ind2=" ">
    <subfield code="a">Guerrero Clase,  Santo D. </subfield>
    <subfield code="e">asesor de contenido</subfield>
  </datafield>
  <datafield tag="700" ind1="1" ind2=" ">
    <subfield code="a">Morales G&#xF3;mez, Santiago Edmundo</subfield>
    <subfield code="e">asesor metodol&#xF3;gico</subfield>
  </datafield>
  <datafield tag="942" ind1=" " ind2=" ">
    <subfield code="2">CL</subfield>
    <subfield code="c">T</subfield>
  </datafield>
  <datafield tag="999" ind1=" " ind2=" ">
    <subfield code="c">8602</subfield>
    <subfield code="d">8602</subfield>
  </datafield>
  <datafield tag="952" ind1=" " ind2=" ">
    <subfield code="0">0</subfield>
    <subfield code="1">0</subfield>
    <subfield code="2">CL</subfield>
    <subfield code="4">0</subfield>
    <subfield code="7">0</subfield>
    <subfield code="8">TG</subfield>
    <subfield code="a">BJHA</subfield>
    <subfield code="b">BJHA</subfield>
    <subfield code="c">GEN</subfield>
    <subfield code="d">2026-03-10</subfield>
    <subfield code="i">25-02516</subfield>
    <subfield code="l">0</subfield>
    <subfield code="o">CT MA-SDN 0016 EGAEE 2025</subfield>
    <subfield code="p">25-02516</subfield>
    <subfield code="r">2026-03-10 19:26:16</subfield>
    <subfield code="t">1</subfield>
    <subfield code="w">2026-03-10</subfield>
    <subfield code="y">T</subfield>
  </datafield>
</record>
